000 00489nam a2200193Ia 4500
005 20250603144936.0
008 250603s9999 xx 000 0 und d
020 _a9780815366669
050 _aHV 6626.2 .P35/
100 _aPaul, Harvey Wallance
245 0 _aFamily violence: legal, medical, and social perspective
250 _a8th ed.
260 _aNew York
260 _bSaurabh Printers Pvt. Ltd
260 _c2016
300 _a483 p
650 _aNew York
942 _cBK
999 _c40408
_d40408